00911nam a2200253Ia 450000500170000000800410001702000150005810000280007324501130010125000190021430000430023349000250027665000430030165000470034465000380039170000320042970000310046126400310049233600270052333700330055033800280058304000350061108400110064620220317000746.0160601s2005 sp a g 000 0 spa  a84261344401 aLindgren, Astridd1907-10aMío, mi pequeño mío cAstrid Lindgren ; traducción de Herminia Dauer ; ilustraciones de Ilon Wikland a1a. edición  a143 páginas bilustraciones c22 cm  aColección juventud142LEMBaNovela infantil sueca ySiglo XX142LEMBaLiteratura infantil sueca ySiglo XX142LEMBaAventuras en la literatura 1 aDauer, Herminiaetraductor 1 aWikland, Iloneilustrador  aBarcelona bJuventudc2005 atextobtxt2rdacontent asin mediaciónbn2rdamedia avolumenbnc2rdacarrier aCO-BoRNBPbspaerdacCO-BoRNBP aN LIN3